000 00364nam a2200145Ia 4500
008 221007s9999 xx 000 0 und d
041 _aeng
082 _a658
100 _aAIMAS
_996338
245 _aAIMS International Journal of Management
260 _c2008
_bAIMS International
_aNew Delhi
500 _aManagement
650 _aManagement
906 _bGeneral
999 _c60703
_d60703